| 000 | 00461nam a2200181Ia 4500 | ||
|---|---|---|---|
| 001 | 18182 | ||
| 005 | 20260306171612.0 | ||
| 008 | 260306s9999||||xx |||||||||||||| ||und|| | ||
| 041 | _aESP | ||
| 082 |
_a658.4012 _bT22 |
||
| 100 |
_aTarziján M., Jorge _eAUT |
||
| 245 | 0 | _aOrganización industrial para la estrategia empresarial | |
| 260 | _c2006 | ||
| 300 |
_axxii, 394 páginas : _c26 cm. |
||
| 650 | _aGEN | ||
| 654 | _aCAN | ||
| 942 |
_cLIB _dJUS _fJUS _2ddc _n |
||
| 999 |
_c18182 _d18182 |
||